Vybrané indikátory stavu majetkovej podstaty vykazované v účtovnej závierke ako súčasti výročnej správy

Indikátory zmeny majetkovej podstaty vykázané v účtovnej závierke ako súčasti výročnej správy. Interpretácia uvedených indikátorov prostredníctvom ukazovateľov finančnej analýzy s posúdením, či bola zachovaná majetková podstata podniku na vzorke výrobných podnikov v SR.

Salvato in:
Dettagli Bibliografici
Autore principale: Lovciová, Kornélia, 1983-
Natura: Capitolo di libro
Lingua:slovacco
Soggetti:
Tags: Aggiungi Tag
Nessun Tag, puoi essere il primo ad aggiungerne!!

MARC

LEADER 00000nla a2200000 4500
001 0227195
005 20240502073738.4
041 0 |a slo 
044 |a SK 
245 1 0 |a Vybrané indikátory stavu majetkovej podstaty vykazované v účtovnej závierke ako súčasti výročnej správy  |c Kornélia Lovciová 
520 |a Indikátory zmeny majetkovej podstaty vykázané v účtovnej závierke ako súčasti výročnej správy. Interpretácia uvedených indikátorov prostredníctvom ukazovateľov finančnej analýzy s posúdením, či bola zachovaná majetková podstata podniku na vzorke výrobných podnikov v SR. 
610 2 0 |a jednotka účtovná 
610 2 0 |a výsledok hospodársky 
610 2 0 |a správy výročné 
610 2 0 |a informácie účtovné 
610 2 0 |a metóda bilančná 
610 2 0 |a závierka účtovná 
100 1 |a Lovciová, Kornélia, 1983-